000 00654nam a2200181 a 4500
001 000028079
005 20200930031330.0
008 110406s1984 dr a 000 0 spa d
040 _aDO-SdBNP
_bspa
_cBNPHU
082 _axxx
_bA473l
100 1 _aÁlvarez V. , Jesús M.,
_d1916-
_922093
245 1 0 _aLarvas de dipteros causantes de miasis facultativas y obligadas en la República Dominicana /Jesús M. Álvarez V.
260 _aSanto Domingo :
_bDivulgación Técnica de la SEA,
_c1984.
300 _a85 p. :
_bil. ;
_c21 cm.
500 _aIncluye datos biográficos del autor en la contracubierta.
504 _aBibliografías p. 82
049 _aBNPD
999 _c27571
_d27571